|
|
|
|
| LEADER |
00000cam a2200000 7i4500 |
| 001 |
0000003530 |
| 005 |
20060412.0 |
| 020 |
0 |
0 |
|a 0130611980
|
| 090 |
0 |
0 |
|a 910.285
|b HEY
|
| 100 |
1 |
0 |
|a Heywood, D. Ian.
|
| 245 |
1 |
0 |
|a An introduction to geographical information systems
|c Ian Heywood, Sarah Cornelius, and Steve Carver.
|
| 250 |
0 |
0 |
|a 2nd ed.
|
| 260 |
0 |
0 |
|a Harlow, England
|a New York :
|b Prentice Hall ,
|c 2002.
|
| 300 |
|
|
|a xv, 295 p. :
|b ill. (some col.), col. maps ;
|c 25 cm.
|
| 650 |
0 |
0 |
|a Geographic information systems
|
| 700 |
1 |
1 |
|a Carver, Steve.
|
| 700 |
1 |
1 |
|a Cornelius, Sarah.
|
| 999 |
|
|
|a 0000006926
|b Monograph
|c Open Shelf
|e Default branch
|